000 00809nam a2200253Ia 4500
003 OSt
005 20220925222937.0
006 a|||||r|||| 00| 0
007 ta
008 220923b |||||||| |||| 00| 0 eng d
037 _cGeneral Book
040 _aRTL
_cRTL
_beng
041 _2eng
_aeng
082 _aU672(J3):(G:55).1(X).N8, N0
100 _aAdams W M
_9277080
245 0 _aGreen devleopment
_b Environment and sustainability in the Third World
260 _aLondon
_bRoultedge Published UK
_c1990
300 _axiv,255p
_ccm.
490 _aRoutledge Natural Environment Problems and Management Series
500 _aBib p. 203-44
650 _aAgricultural Geography
942 _hU672(J3):(G:55).1(X).N8, N0
_cGB
_2CC
999 _c578235
_d578235